[Event "DEM U12 2023"]
[Site "Willingen GER"]
[Date "2023.06.02"]
[Round "8"]
[White "Madel, Luca"]
[Black "Greive, Jakob"]
[Result "0-1"]
[Termination "normal"]
[Board "23"]
[WhiteElo "1151"]
[BlackElo "1551"]
[WhiteClock "00:24:06"]
[BlackClock "00:40:44"]
[PlyCount "122"]
[WhiteFideId "16296516"]
[BlackFideId "34603476"]
[EventCountry "GER"]
[EventRounds "9"]
[EventType "swiss"]
[EventDate "2023.05.27"]

1. d4 {[%clk 01:30:56]} {[%emt 00:00:03]} d5 {[%clk 01:30:55]} {[%emt
00:00:06]} 2. Nf3 {[%clk 01:31:06]} {[%emt 00:00:20]} e6 {[%clk 01:30:52]}
{[%emt 00:00:32]} 3. e3 {[%clk 01:31:16]} {[%emt 00:00:19]} Nf6 {[%clk
01:30:54]} {[%emt 00:00:29]} 4. b3 {[%clk 01:31:16]} {[%emt 00:00:31]} c5
{[%clk 01:30:56]} {[%emt 00:00:27]} 5. Bb2 {[%clk 01:31:21]} {[%emt 00:00:25]}
Nc6 {[%clk 01:31:00]} {[%emt 00:00:26]} 6. a3 {[%clk 01:30:56]} {[%emt
00:00:56]} Bd6 {[%clk 01:29:51]} {[%emt 00:01:37]} 7. Ne5 {[%clk 01:30:09]}
{[%emt 00:01:17]} O-O {[%clk 01:26:54]} {[%emt 00:03:26]} 8. Bd3 {[%clk
01:29:44]} {[%emt 00:00:55]} cxd4 {[%clk 01:26:40]} {[%emt 00:00:44]} 9. exd4
{[%clk 01:29:51]} {[%emt 00:00:23]} Qc7 {[%clk 01:24:49]} {[%emt 00:02:20]} 10.
f4 {[%clk 01:18:33]} {[%emt 00:11:48]} Nd7 {[%clk 01:23:30]} {[%emt 00:01:49]}
11. O-O {[%clk 01:16:13]} {[%emt 00:02:51]} Bxe5 {[%clk 01:18:18]} {[%emt
00:05:41]} 12. fxe5 {[%clk 01:15:59]} {[%emt 00:00:43]} Qb6 {[%clk 01:18:19]}
{[%emt 00:00:29]} 13. Kh1 {[%clk 01:14:28]} {[%emt 00:02:02]} g6 {[%clk
01:15:34]} {[%emt 00:03:14]} 14. Be2 {[%clk 01:13:20]} {[%emt 00:01:39]} a5
{[%clk 01:14:25]} {[%emt 00:01:39]} 15. h4 {[%clk 01:12:34]} {[%emt 00:01:16]}
a4 {[%clk 01:14:19]} {[%emt 00:00:37]} 16. b4 {[%clk 01:12:31]} {[%emt
00:00:33]} Qd8 {[%clk 01:14:12]} {[%emt 00:00:35]} 17. g3 {[%clk 01:10:42]}
{[%emt 00:02:20]} Rb8 {[%clk 01:13:06]} {[%emt 00:01:36]} 18. Bc1 {[%clk
01:09:26]} {[%emt 00:01:47]} Qb6 {[%clk 01:12:15]} {[%emt 00:01:21]} 19. c3
{[%clk 01:07:44]} {[%emt 00:02:13]} f5 {[%clk 01:11:44]} {[%emt 00:01:00]} 20.
Bh6 {[%clk 01:04:02]} {[%emt 00:04:12]} Rf7 {[%clk 01:11:56]} {[%emt 00:00:18]}
21. g4 {[%clk 00:58:19]} {[%emt 00:06:14]} Nf8 {[%clk 01:11:34]} {[%emt
00:00:51]} 22. gxf5 {[%clk 00:58:10]} {[%emt 00:00:40]} Rxf5 {[%clk 01:11:33]}
{[%emt 00:00:30]} 23. Rxf5 {[%clk 00:58:17]} exf5 {[%clk 01:11:29]} {[%emt
00:00:53]} 24. Qg1 {[%clk 00:57:25]} {[%emt 00:01:24]} Be6 {[%clk 01:09:37]}
{[%emt 00:02:23]} 25. h5 {[%clk 00:55:45]} {[%emt 00:02:10]} Bf7 {[%clk
01:09:12]} {[%emt 00:00:54]} 26. Nd2 {[%clk 00:54:19]} {[%emt 00:01:58]} Qd8
{[%clk 01:09:09]} {[%emt 00:00:32]} 27. Bg5 {[%clk 00:54:16]} {[%emt 00:00:33]}
Qc8 {[%clk 01:09:05]} {[%emt 00:00:33]} 28. hxg6 {[%clk 00:54:05]} {[%emt
00:00:41]} Bxg6 {[%clk 01:07:55]} {[%emt 00:01:40]} 29. Bf6 {[%clk 00:53:32]}
{[%emt 00:01:01]} Qe6 {[%clk 01:07:28]} {[%emt 00:00:59]} 30. c4 {[%clk
00:52:03]} {[%emt 00:02:01]} Nd7 {[%clk 01:07:31]} {[%emt 00:00:26]} 31. cxd5
{[%clk 00:52:18]} {[%emt 00:00:15]} Qxd5+ {[%clk 01:07:52]} {[%emt 00:00:09]}
32. Bf3 {[%clk 00:52:03]} {[%emt 00:06:53]} Qxd4 {[%clk 01:08:26]} {[%emt
00:00:18]} 33. Qxd4 {[%clk 00:52:00]} {[%emt 00:00:35]} Nxd4 {[%clk 01:08:47]}
{[%emt 00:00:09]} 34. Bd5+ {[%clk 00:52:17]} {[%emt 00:00:13]} Kf8 {[%clk
01:07:54]} {[%emt 00:01:22]} 35. Bg5 {[%clk 00:50:03]} {[%emt 00:02:41]} b5
{[%clk 01:04:30]} {[%emt 00:03:57]} 36. e6 {[%clk 00:49:34]} {[%emt 00:01:00]}
Nb6 {[%clk 01:02:56]} {[%emt 00:02:04]} 37. e7+ {[%clk 00:49:02]} {[%emt
00:01:03]} Ke8 {[%clk 01:03:12]} {[%emt 00:00:14]} 38. Bg2 {[%clk 00:49:00]}
{[%emt 00:00:29]} Rc8 {[%clk 00:56:19]} {[%emt 00:07:24]} 39. Nf3 {[%clk
00:48:46]} {[%emt 00:00:43]} Nc6 {[%clk 00:55:18]} {[%emt 00:01:32]} 40. Re1
{[%clk 00:44:32]} {[%emt 00:04:44]} Nc4 {[%clk 00:53:16]} {[%emt 00:02:32]} 41.
Nh4 {[%clk 00:44:20]} {[%emt 00:00:41]} Rc7 {[%clk 00:51:48]} {[%emt 00:01:57]}
42. Bxc6+ {[%clk 00:44:10]} {[%emt 00:00:42]} Rxc6 {[%clk 00:51:58]} {[%emt
00:00:20]} 43. Rc1 {[%clk 00:40:16]} {[%emt 00:04:22]} Rd6 {[%clk 00:49:52]}
{[%emt 00:02:36]} 44. Nf3 {[%clk 00:38:26]} {[%emt 00:02:21]} Rd3 {[%clk
00:49:30]} {[%emt 00:00:52]} 45. Ne5 {[%clk 00:37:15]} {[%emt 00:01:42]} Nxe5
{[%clk 00:48:21]} {[%emt 00:01:40]} 46. Rc8+ {[%clk 00:37:13]} {[%emt
00:00:32]} Kd7 {[%clk 00:48:41]} {[%emt 00:00:10]} 47. Rd8+ {[%clk 00:36:52]}
{[%emt 00:00:52]} Kc6 {[%clk 00:48:08]} {[%emt 00:01:01]} 48. Bf4 {[%clk
00:36:52]} {[%emt 00:00:31]} Nd7 {[%clk 00:46:20]} {[%emt 00:02:15]} 49. Kg2
{[%clk 00:30:04]} {[%emt 00:07:19]} Rxa3 {[%clk 00:44:16]} {[%emt 00:02:37]}
50. Rc8+ {[%clk 00:30:11]} {[%emt 00:00:21]} Kd5 {[%clk 00:43:45]} {[%emt
00:01:02]} 51. Rd8 {[%clk 00:28:31]} {[%emt 00:02:10]} Ke6 {[%clk 00:43:35]}
{[%emt 00:00:40]} 52. e8=Q+ {[%clk 00:28:26]} {[%emt 00:00:36]} Bxe8 {[%clk
00:43:17]} {[%emt 00:00:47]} 53. Rxe8+ {[%clk 00:28:40]} {[%emt 00:00:15]} Kf7
{[%clk 00:42:12]} {[%emt 00:01:34]} 54. Rd8 {[%clk 00:28:35]} {[%emt 00:00:37]}
Nf6 {[%clk 00:42:22]} {[%emt 00:00:19]} 55. Rb8 {[%clk 00:28:13]} {[%emt
00:00:53]} Ra2+ {[%clk 00:41:35]} {[%emt 00:01:18]} 56. Kf3 {[%clk 00:28:05]}
{[%emt 00:00:36]} Ra1 {[%clk 00:39:33]} {[%emt 00:02:32]} 57. Bg5 {[%clk
00:26:22]} {[%emt 00:02:11]} Kg6 {[%clk 00:39:30]} {[%emt 00:00:35]} 58. Bxf6
{[%clk 00:25:34]} {[%emt 00:01:18]} Kxf6 {[%clk 00:39:44]} {[%emt 00:00:16]}
59. Rxb5 {[%clk 00:25:56]} {[%emt 00:00:09]} a3 {[%clk 00:40:03]} {[%emt
00:00:11]} 60. Kf2 {[%clk 00:25:19]} {[%emt 00:01:07]} a2 {[%clk 00:40:22]}
{[%emt 00:00:12]} 61. Ra5 {[%clk 00:24:06]} {[%emt 00:01:43]} Rh1 {[%clk
00:40:44]} {[%emt 00:00:07]} 0-1

[Event "DEM U12 2023"]
[Site "Willingen GER"]
[Date "2023.06.02"]
[Round "8"]
[White "Iachanou, Daniel"]
[Black "Yan, Haichen"]
[Result "0-1"]
[Termination "normal"]
[Board "24"]
[WhiteElo "1532"]
[BlackElo "1251"]
[WhiteClock "00:54:27"]
[BlackClock "01:31:16"]
[PlyCount "94"]
[WhiteFideId "34639403"]
[BlackFideId "34607951"]
[EventCountry "GER"]
[EventRounds "9"]
[EventType "swiss"]
[EventDate "2023.05.27"]

1. e4 {[%clk 01:30:54]} {[%emt 00:00:05]} c5 {[%clk 01:30:56]} {[%emt
00:00:04]} 2. Nf3 {[%clk 01:31:21]} {[%emt 00:00:03]} e6 {[%clk 01:31:17]}
{[%emt 00:00:10]} 3. d4 {[%clk 01:31:47]} {[%emt 00:00:04]} cxd4 {[%clk
01:31:42]} {[%emt 00:00:05]} 4. Nxd4 {[%clk 01:32:16]} Nf6 {[%clk 01:32:05]}
{[%emt 00:00:07]} 5. Nc3 {[%clk 01:32:38]} {[%emt 00:00:08]} Nc6 {[%clk
01:32:08]} {[%emt 00:00:27]} 6. Be3 {[%clk 01:32:59]} {[%emt 00:00:07]} Bb4
{[%clk 01:32:29]} {[%emt 00:00:10]} 7. Bd3 {[%clk 01:31:02]} {[%emt 00:02:28]}
Bxc3+ {[%clk 01:31:40]} {[%emt 00:01:19]} 8. bxc3 {[%clk 01:30:17]} {[%emt
00:01:15]} d5 {[%clk 01:30:42]} {[%emt 00:01:28]} 9. exd5 {[%clk 01:29:11]}
{[%emt 00:01:36]} Nxd5 {[%clk 01:30:59]} {[%emt 00:00:13]} 10. Bd2 {[%clk
01:29:13]} {[%emt 00:00:28]} Qf6 {[%clk 01:29:41]} {[%emt 00:01:48]} 11. O-O
{[%clk 01:20:11]} {[%emt 00:09:33]} Nxd4 {[%clk 01:29:32]} {[%emt 00:00:38]}
12. cxd4 {[%clk 01:16:54]} {[%emt 00:03:47]} Qxd4 {[%clk 01:29:44]} {[%emt
00:00:18]} 13. Bb5+ {[%clk 01:17:09]} {[%emt 00:00:15]} Bd7 {[%clk 01:29:31]}
{[%emt 00:00:43]} 14. Bxd7+ {[%clk 01:17:14]} {[%emt 00:00:26]} Kxd7 {[%clk
01:29:58]} {[%emt 00:00:03]} 15. Bg5 {[%clk 01:17:01]} {[%emt 00:00:39]} Qxd1
{[%clk 01:29:53]} {[%emt 00:00:37]} 16. Rfxd1 {[%clk 01:17:23]} {[%emt
00:00:08]} f6 {[%clk 01:30:02]} {[%emt 00:00:21]} 17. c4 {[%clk 01:17:30]}
{[%emt 00:00:24]} fxg5 {[%clk 01:30:03]} {[%emt 00:00:28]} 18. cxd5 {[%clk
01:17:43]} {[%emt 00:00:17]} Kd6 {[%clk 01:29:59]} {[%emt 00:00:34]} 19. dxe6+
{[%clk 01:17:54]} {[%emt 00:00:19]} Kxe6 {[%clk 01:30:24]} {[%emt 00:00:05]}
20. Re1+ {[%clk 01:18:16]} {[%emt 00:00:08]} Kf6 {[%clk 01:30:43]} {[%emt
00:00:10]} 21. Rab1 {[%clk 01:17:16]} {[%emt 00:01:30]} b6 {[%clk 01:31:01]}
{[%emt 00:00:11]} 22. Rb3 {[%clk 01:17:19]} {[%emt 00:00:28]} Rhe8 {[%clk
01:30:52]} {[%emt 00:00:39]} 23. Rf3+ {[%clk 01:16:06]} {[%emt 00:01:43]} Kg6
{[%clk 01:31:13]} {[%emt 00:00:09]} 24. Rfe3 {[%clk 01:16:26]} {[%emt
00:00:11]} Rxe3 {[%clk 01:31:21]} {[%emt 00:00:22]} 25. Rxe3 {[%clk 01:15:27]}
{[%emt 00:01:28]} Rd8 {[%clk 01:31:13]} {[%emt 00:00:38]} 26. Kf1 {[%clk
01:14:38]} {[%emt 00:01:19]} Rd2 {[%clk 01:30:51]} {[%emt 00:00:52]} 27. Ra3
{[%clk 01:14:48]} {[%emt 00:00:19]} a5 {[%clk 01:31:04]} {[%emt 00:00:18]} 28.
g3 {[%clk 01:13:52]} {[%emt 00:01:26]} Kf5 {[%clk 01:31:18]} {[%emt 00:00:15]}
29. Kg2 {[%clk 01:14:09]} {[%emt 00:00:13]} g4 {[%clk 01:31:31]} {[%emt
00:00:18]} 30. Ra4 {[%clk 01:14:04]} {[%emt 00:00:35]} g5 {[%clk 01:31:12]}
{[%emt 00:00:48]} 31. Kf1 {[%clk 01:13:04]} {[%emt 00:01:28]} h5 {[%clk
01:30:46]} {[%emt 00:00:57]} 32. Kg2 {[%clk 01:12:13]} {[%emt 00:01:21]} Ke5
{[%clk 01:30:32]} {[%emt 00:00:45]} 33. Kf1 {[%clk 01:09:33]} {[%emt 00:03:09]}
Kd5 {[%clk 01:30:16]} {[%emt 00:00:46]} 34. Kg2 {[%clk 01:04:56]} {[%emt
00:05:08]} Rd4 {[%clk 01:29:17]} {[%emt 00:01:30]} 35. Ra3 {[%clk 01:04:11]}
{[%emt 00:01:15]} Rd2 {[%clk 01:28:54]} {[%emt 00:00:52]} 36. Ra4 {[%clk
01:04:28]} {[%emt 00:00:13]} Kc5 {[%clk 01:28:42]} {[%emt 00:00:41]} 37. Kf1
{[%clk 01:04:47]} {[%emt 00:00:11]} Kb5 {[%clk 01:28:59]} {[%emt 00:00:14]} 38.
Ra3 {[%clk 01:05:10]} {[%emt 00:00:06]} Ka6 {[%clk 01:29:11]} {[%emt 00:00:18]}
39. Ke1 {[%clk 01:04:37]} {[%emt 00:01:03]} Rc2 {[%clk 01:29:04]} {[%emt
00:00:37]} 40. Kf1 {[%clk 01:00:41]} {[%emt 00:04:25]} b5 {[%clk 01:29:06]}
{[%emt 00:00:29]} 41. Re3 {[%clk 00:52:07]} {[%emt 00:09:04]} Rxa2 {[%clk
01:28:53]} {[%emt 00:00:43]} 42. Re6+ {[%clk 00:52:30]} {[%emt 00:00:07]} Kb7
{[%clk 01:29:18]} {[%emt 00:00:05]} 43. Re7+ {[%clk 00:52:58]} {[%emt
00:00:01]} Kc6 {[%clk 01:29:41]} {[%emt 00:00:08]} 44. Re5 {[%clk 00:53:20]}
{[%emt 00:00:08]} a4 {[%clk 01:29:58]} {[%emt 00:00:13]} 45. Rxg5 {[%clk
00:53:47]} {[%emt 00:00:03]} a3 {[%clk 01:30:24]} {[%emt 00:00:05]} 46. Rxh5
{[%clk 00:54:00]} {[%emt 00:00:16]} Ra1+ {[%clk 01:30:50]} {[%emt 00:00:05]}
47. Ke2 {[%clk 00:54:27]} {[%emt 00:00:03]} a2 {[%clk 01:31:16]} 0-1

[Event "DEM U12 2023"]
[Site "Willingen GER"]
[Date "2023.06.02"]
[Round "8"]
[White "Gavrylyuk, Oleksandr"]
[Black "Leonhardt, Max"]
[Result "0-1"]
[Termination "normal"]
[Board "25"]
[WhiteElo "1226"]
[BlackElo "1232"]
[WhiteClock "00:59:31"]
[BlackClock "00:55:43"]
[PlyCount "80"]
[WhiteFideId "34609083"]
[BlackFideId "34623647"]
[EventCountry "GER"]
[EventRounds "9"]
[EventType "swiss"]
[EventDate "2023.05.27"]

1. e4 {[%clk 01:30:56]} {[%emt 00:00:04]} e5 {[%clk 01:30:26]} {[%emt
00:00:34]} 2. Nf3 {[%clk 01:31:19]} {[%emt 00:00:07]} Nc6 {[%clk 01:30:40]}
{[%emt 00:00:16]} 3. Bb5 {[%clk 01:31:43]} {[%emt 00:00:07]} a6 {[%clk
01:30:52]} {[%emt 00:00:18]} 4. Ba4 {[%clk 01:31:48]} {[%emt 00:00:24]} b5
{[%clk 01:30:50]} {[%emt 00:00:33]} 5. Bb3 {[%clk 01:30:41]} {[%emt 00:01:37]}
d6 {[%clk 01:30:57]} {[%emt 00:00:23]} 6. h3 {[%clk 01:30:51]} {[%emt
00:00:19]} Be7 {[%clk 01:31:14]} {[%emt 00:00:12]} 7. d4 {[%clk 01:31:05]}
{[%emt 00:00:17]} Na5 {[%clk 01:31:04]} {[%emt 00:00:40]} 8. dxe5 {[%clk
01:31:13]} {[%emt 00:00:22]} Nxb3 {[%clk 01:30:25]} {[%emt 00:01:10]} 9. axb3
{[%clk 01:31:34]} {[%emt 00:00:08]} dxe5 {[%clk 01:30:28]} {[%emt 00:00:28]}
10. Qxd8+ {[%clk 01:31:50]} {[%emt 00:00:14]} Bxd8 {[%clk 01:30:39]} {[%emt
00:00:19]} 11. Nxe5 {[%clk 01:31:40]} {[%emt 00:00:39]} Nf6 {[%clk 01:30:59]}
{[%emt 00:00:11]} 12. Nc3 {[%clk 01:31:52]} {[%emt 00:00:18]} b4 {[%clk
01:31:16]} {[%emt 00:00:13]} 13. Na2 {[%clk 01:30:45]} {[%emt 00:01:36]} c5
{[%clk 01:30:15]} {[%emt 00:01:30]} 14. O-O {[%clk 01:30:11]} {[%emt 00:01:06]}
O-O {[%clk 01:30:01]} {[%emt 00:00:45]} 15. f3 {[%clk 01:28:30]} {[%emt
00:02:10]} Bb6 {[%clk 01:30:04]} {[%emt 00:00:27]} 16. Be3 {[%clk 01:28:23]}
{[%emt 00:00:37]} Rb8 {[%clk 01:29:24]} {[%emt 00:01:11]} 17. Nc4 {[%clk
01:25:40]} {[%emt 00:03:12]} Nd7 {[%clk 01:28:03]} {[%emt 00:01:52]} 18. Nxb6
{[%clk 01:25:50]} {[%emt 00:00:19]} Rxb6 {[%clk 01:28:22]} {[%emt 00:00:10]}
19. Rfd1 {[%clk 01:25:46]} {[%emt 00:00:33]} Re8 {[%clk 01:27:04]} {[%emt
00:01:50]} 20. Nc1 {[%clk 01:25:06]} {[%emt 00:01:09]} f5 {[%clk 01:26:43]}
{[%emt 00:00:51]} 21. Nd3 {[%clk 01:23:30]} {[%emt 00:02:06]} Rc6 {[%clk
01:23:58]} {[%emt 00:03:16]} 22. Nf2 {[%clk 01:21:27]} {[%emt 00:02:33]} Nf6
{[%clk 01:22:57]} {[%emt 00:01:31]} 23. Bg5 {[%clk 01:19:42]} {[%emt 00:02:12]}
fxe4 {[%clk 01:22:07]} {[%emt 00:01:23]} 24. Bxf6 {[%clk 01:18:47]} {[%emt
00:01:24]} e3 {[%clk 01:21:25]} {[%emt 00:01:13]} 25. Ne4 {[%clk 01:17:14]}
{[%emt 00:02:02]} gxf6 {[%clk 01:21:43]} {[%emt 00:00:13]} 26. Ng3 {[%clk
01:14:54]} {[%emt 00:02:48]} f5 {[%clk 01:20:31]} {[%emt 00:01:44]} 27. f4
{[%clk 01:13:57]} {[%emt 00:01:26]} c4 {[%clk 01:18:30]} {[%emt 00:02:32]} 28.
Re1 {[%clk 01:12:56]} {[%emt 00:01:30]} cxb3 {[%clk 01:17:10]} {[%emt
00:01:49]} 29. cxb3 {[%clk 01:13:19]} {[%emt 00:00:08]} Rc2 {[%clk 01:16:56]}
{[%emt 00:00:45]} 30. Re2 {[%clk 01:09:46]} {[%emt 00:04:02]} Rxe2 {[%clk
01:14:47]} {[%emt 00:02:40]} 31. Nxe2 {[%clk 01:07:59]} {[%emt 00:02:15]} Rd8
{[%clk 01:01:46]} {[%emt 00:13:33]} 32. Kf1 {[%clk 01:05:45]} {[%emt 00:02:43]}
Rd2 {[%clk 01:00:53]} {[%emt 00:01:22]} 33. Rb1 {[%clk 01:04:19]} {[%emt
00:01:58]} Bd7 {[%clk 00:57:04]} {[%emt 00:04:07]} 34. Ke1 {[%clk 01:03:56]}
{[%emt 00:01:03]} Bc6 {[%clk 00:56:17]} {[%emt 00:01:18]} 35. g4 {[%clk
01:02:07]} {[%emt 00:02:19]} fxg4 {[%clk 00:55:28]} {[%emt 00:01:19]} 36. hxg4
{[%clk 01:01:20]} {[%emt 00:01:16]} Bf3 {[%clk 00:55:37]} {[%emt 00:00:17]} 37.
Ng1 {[%clk 01:01:05]} {[%emt 00:00:50]} Bxg4 {[%clk 00:55:33]} {[%emt
00:00:35]} 38. f5 {[%clk 00:59:12]} {[%emt 00:02:24]} Bxf5 {[%clk 00:54:56]}
{[%emt 00:01:07]} 39. Nf3 {[%clk 00:59:12]} {[%emt 00:00:28]} Bxb1 {[%clk
00:55:18]} {[%emt 00:00:09]} 40. Nxd2 {[%clk 00:59:31]} {[%emt 00:00:12]} exd2+
{[%clk 00:55:43]} {[%emt 00:00:04]} 0-1

[Event "DEM U12 2023"]
[Site "Willingen GER"]
[Date "2023.06.02"]
[Round "8"]
[White "Müller, Anker"]
[Black "Schröder, Hannes Artur"]
[Result "1/2-1/2"]
[Termination "normal"]
[Board "26"]
[WhiteElo "1600"]
[BlackElo "1343"]
[WhiteClock "00:17:53"]
[BlackClock "00:52:13"]
[PlyCount "60"]
[WhiteFideId "1472070"]
[BlackFideId "34608818"]
[EventCountry "GER"]
[EventRounds "9"]
[EventType "swiss"]
[EventDate "2023.05.27"]

1. e4 {[%clk 01:30:56]} {[%emt 00:00:03]} e5 {[%clk 01:30:56]} {[%emt
00:00:05]} 2. Nf3 {[%clk 01:31:21]} {[%emt 00:00:04]} Nc6 {[%clk 01:31:21]}
{[%emt 00:00:06]} 3. d4 {[%clk 01:31:44]} {[%emt 00:00:07]} exd4 {[%clk
01:31:21]} {[%emt 00:00:30]} 4. Nxd4 {[%clk 01:32:06]} {[%emt 00:00:09]} Nf6
{[%clk 01:31:20]} {[%emt 00:00:30]} 5. Nc3 {[%clk 01:32:01]} {[%emt 00:00:36]}
h6 {[%clk 01:31:06]} {[%emt 00:00:44]} 6. Bf4 {[%clk 01:15:23]} {[%emt
00:17:07]} Bb4 {[%clk 01:28:17]} {[%emt 00:03:20]} 7. f3 {[%clk 01:14:53]}
{[%emt 00:00:59]} O-O {[%clk 01:27:55]} {[%emt 00:00:52]} 8. Be2 {[%clk
01:13:12]} {[%emt 00:02:10]} d5 {[%clk 01:24:33]} {[%emt 00:03:53]} 9. Nxc6
{[%clk 01:07:16]} {[%emt 00:06:26]} bxc6 {[%clk 01:24:49]} {[%emt 00:00:15]}
10. O-O {[%clk 01:06:52]} {[%emt 00:00:53]} Bxc3 {[%clk 01:22:33]} {[%emt
00:02:46]} 11. bxc3 {[%clk 01:06:34]} {[%emt 00:00:48]} dxe4 {[%clk 01:22:49]}
{[%emt 00:00:15]} 12. Qxd8 {[%clk 01:05:02]} {[%emt 00:02:01]} Rxd8 {[%clk
01:23:09]} {[%emt 00:00:10]} 13. fxe4 {[%clk 01:05:25]} {[%emt 00:00:08]} Nxe4
{[%clk 01:23:12]} {[%emt 00:00:27]} 14. Bf3 {[%clk 01:04:45]} {[%emt 00:01:10]}
Bf5 {[%clk 01:19:41]} {[%emt 00:04:02]} 15. Rfe1 {[%clk 00:53:02]} {[%emt
00:12:11]} Re8 {[%clk 01:14:20]} {[%emt 00:05:50]} 16. Bxc7 {[%clk 00:51:48]}
{[%emt 00:01:46]} Nf6 {[%clk 01:08:21]} {[%emt 00:06:29]} 17. Be5 {[%clk
00:44:31]} {[%emt 00:07:48]} Re6 {[%clk 01:00:32]} {[%emt 00:08:20]} 18. Bxf6
{[%clk 00:35:16]} {[%emt 00:09:44]} Rxf6 {[%clk 01:00:45]} {[%emt 00:00:17]}
19. Re2 {[%clk 00:33:58]} {[%emt 00:01:48]} Rc8 {[%clk 01:00:14]} {[%emt
00:01:00]} 20. Rb1 {[%clk 00:27:46]} {[%emt 00:06:41]} Re6 {[%clk 00:56:25]}
{[%emt 00:04:20]} 21. Rxe6 {[%clk 00:26:25]} {[%emt 00:01:52]} Bxe6 {[%emt
00:02:03]} 22. a4 {[%clk 00:25:07]} a5 {[%clk 00:56:02]} {[%emt 00:01:08]} 23.
Rb6 {[%clk 00:24:07]} {[%emt 00:01:29]} Bf5 {[%clk 00:53:22]} {[%emt 00:03:10]}
24. Rxc6 {[%clk 00:21:13]} {[%emt 00:03:25]} Rxc6 {[%clk 00:52:24]} {[%emt
00:01:29]} 25. Bxc6 {[%clk 00:21:37]} {[%emt 00:00:05]} Bxc2 {[%clk 00:52:47]}
{[%emt 00:00:06]} 26. Kf2 {[%clk 00:20:12]} {[%emt 00:01:55]} Kf8 {[%clk
00:53:04]} {[%emt 00:00:13]} 27. Ke3 {[%clk 00:20:21]} {[%emt 00:00:20]} Ke7
{[%clk 00:53:25]} {[%emt 00:00:09]} 28. Kd4 {[%clk 00:20:24]} {[%emt 00:00:27]}
Kd6 {[%clk 00:53:07]} {[%emt 00:00:49]} 29. Bb5 {[%clk 00:20:27]} {[%emt
00:00:27]} Bb3 {[%clk 00:52:29]} {[%emt 00:01:08]} 30. c4 {[%clk 00:17:53]}
{[%emt 00:03:03]} f6 {[%clk 00:52:13]} {[%emt 00:00:47]} 1/2-1/2